Ứng dụng công nghệ trong sản xuất rau

Tài liệu đề cập đến hiện trạng và môi trường sản xuất rau ở nước ta, về việc tổ chức sản xuất rau sạch và kỹ thuật rồng một số lạoi rau chủ yếu

Zapisane w:
Opis bibliograficzny
1. autor: Trần, Khắc Thi
Format: Książka
Język:Undetermined
Wydane: Hà Nội Lao động 2005
Hasła przedmiotowe:
Etykiety: Dodaj etykietę
Nie ma etykietki, Dołącz pierwszą etykiete!
Thư viện lưu trữ: Trung tâm Học liệu Trường Đại học Cần Thơ
LEADER 00820nam a2200205Ia 4500
001 CTU_100647
008 210402s9999 xx 000 0 und d
020 |c 20000 
082 |a 635 
082 |b Th300 
100 |a Trần, Khắc Thi 
245 0 |a Ứng dụng công nghệ trong sản xuất rau 
245 0 |c Trần Khắc Thi, Trần Ngọc Hùng 
260 |a Hà Nội 
260 |b Lao động 
260 |c 2005 
520 |a Tài liệu đề cập đến hiện trạng và môi trường sản xuất rau ở nước ta, về việc tổ chức sản xuất rau sạch và kỹ thuật rồng một số lạoi rau chủ yếu 
650 |a Garden crops 
904 |i Hiếu 
980 |a Trung tâm Học liệu Trường Đại học Cần Thơ